Dios llora en la tierra
I tiakina i:
| Kaituhi matua: | |
|---|---|
| Hōputu: | Pukapuka |
| Reo: | Pāniora |
| I whakaputaina: |
Madrid
Biblioteca de Autores Cristianos
1981
|
| Putanga: | 5a. ed |
| Ngā marau: | |
| Ngā Tūtohu: |
Tāpirihia he Tūtohu
Kāore He Tūtohu, Me noho koe te mea tuatahi ki te tūtohu i tēnei pūkete!
|
MARC
| LEADER | 00000nam a2200000 a 4500 | ||
|---|---|---|---|
| 001 | UCL2229 | ||
| 003 | CL-VaPUC | ||
| 008 | 031017e19810000SP |||||||||||||||||spa|d | ||
| 020 | |a 842200707X | ||
| 082 | 0 | 4 | |a 270.82 |b STR |2 21 |
| 100 | 0 | |a Straaten, Werenfried van |e author |9 479273 | |
| 245 | 1 | 0 | |a Dios llora en la tierra |
| 250 | |a 5a. ed | ||
| 300 | |a 261 p | ||
| 942 | |c BK | ||
| 945 | |d 20031017 00:00:00 |a vberengu | ||
| 260 | |a Madrid |b Biblioteca de Autores Cristianos |c 1981 | ||
| 650 | 7 | |a MISIONES RELIGIOSAS |2 CL-VaPUC |9 393449 | |
| 650 | 7 | |a EVANGELIZACION |2 CL-VaPUC |9 479274 | |
| 583 | |a last modification |c 20031017 00:00:00 |k Rodrigo Vera | ||
| 999 | |c 305581 |d 305579 | ||
| 952 | |0 0 |1 0 |4 0 |6 270_820000000000000_STR_1981 |7 0 |8 A |9 369688 |a BIBTEO |b BIBTEO |d 2019-11-21 |i 2080702 |o 270.82 STR 1981 |p 2080702 |r 2025-01-17 |w 2019-11-21 |y BK |k ICR | ||